| 000 | 01727nam a22002897a 4500 | ||
|---|---|---|---|
| 005 | 20240305165354.0 | ||
| 007 | cr|||| |||| | ||
| 008 | 120222s2011 co |||||s|||| 00||0 spa d | ||
| 020 | _a978-958-648-751-1 | ||
| 035 | _a6252 | ||
| 040 | _avLex | ||
| 090 |
_c3014 _d3014 |
||
| 100 | 1 | _aCepeda Ulloa, Fernando | |
| 245 | 1 | 0 |
_aNarcotráfico, financiación política y corrupción _h[Recurso electrónico] / _cFernando Cepeda Ulloa |
| 256 | _aServicio en línea | ||
| 260 |
_aBogotá: _bEcoe ediciones, _c2011 |
||
| 300 | _a1 recurso electrónico | ||
| 490 | 0 | _aCiencias humanas. Política | |
| 500 | _aLa corrupción como problema global. El contexto de la corrupción: un problema de gobernabilidad. El impacto corruptor del problema global de las drogas ilícitas en vida política e institucional. La Contaduría y la Auditoría: herramientas anticorrupción. La corrupción en el sector de la Salud. El debate internacional sobre la financiación de partidos y campañas políticas. las contribuciones políticas extranjeras en tiempos de la globalización. Enredo jurídico de la financiación de la campaña presidencial de 1994. | ||
| 504 | _aIncluye bibliografía | ||
| 506 | 1 |
_aContenido solo disponible en los productos indicados _dvLex Global _dvLex Global (Academic Edition, excluding Law Schools) _dvLex Global (U.S. Academic Edition, Law Schools) _dvLex Global (U.S. Academic Edition, excluding Law Schools) _dvLex Global (Academic Edition, Law Schools) |
|
| 650 | 0 | 4 |
_aDrogas _xTráfico _zColombia |
| 650 | 0 | 4 |
_aCorrupción _zColombia |
| 740 | 0 | _avLex Libros (Servicio en línea) | |
| 856 | 4 | 0 | _uhttps://app.vlex.com/#/sources/narcotrafico-financiacion-politica-corrupcion-6252 |
| 942 | _cRAA | ||
| 999 |
_c161427 _d161427 |
||